000 00386nam a2200145Ia 4500
008 240729s9999 xx 000 0 und d
022 _a2223-8956
245 0 _aTzu-Chi Medical Journal
260 _aIndia
260 _bWolters Kluwer Medknow Publications
650 _aMedicine
856 _uhttps://doaj.org/toc/2f56f6b5c0bd4f0a8dcf32871bac06d6
942 _2ddc
942 _cDOAJEJ
999 _c69681
_d69681
945 _a1
_bMadushi Gamage
_c1
_dMadushi Gamage